000
00397nam a22001697a 4500
003
MPLRDC
005
20220104113526.0
008
210129b ||||| |||| 00| 0 eng d
082
_a
848.1 LYT-3
100
_a
林语堂等著
245
_a
谈修养
_c
260
_a
_b
雷鼓出版社
_c
1989
300
_b
平
490
_a
真善美书系;1
650
_a
现代别集
942
_c
BK
_o
848.1 LYT-3
999
_c
329
_d
319